Современники о Марксе: сборник; Воспоминания о Марксе; Из воспоминаний о Марксе; До и после 1848 года : Из воспоминаний старого коммуниста
| Sprache: | Russisch |
|---|---|
| Veröffentlicht: |
Москва, Политиздат, 1982
|
| TOC: | П. Лафарг, Воспоминания о Марксе; В. Либкнехт, Из воспоминаний о Марксе; Ф. Лесснер, До и после 1848 года : Из воспоминаний старого коммуниста; |
| Schlagworte: | |
| Format: | MixedMaterials Buch |
| KOHA link: | https://koha.lib.tpu.ru/cgi-bin/koha/opac-detail.pl?biblionumber=311183 |
MARC
| LEADER | 00000nam0a2200000 4500 | ||
|---|---|---|---|
| 001 | 311183 | ||
| 005 | 20231102002348.0 | ||
| 020 | |a RU |b 82-15895 | ||
| 035 | |a (RuTPU)RU\TPU\book\336538 | ||
| 090 | |a 311183 | ||
| 100 | |a 20151203d1982 km a0rusy5003 ca | ||
| 101 | 1 | |a rus | |
| 102 | |a RU | ||
| 105 | |a a z 000zb | ||
| 200 | 1 | |a Современники о Марксе |e сборник | |
| 210 | |a Москва |c Политиздат |d 1982 | ||
| 215 | |a 127 с. |c портр., 7 л. ил. | ||
| 464 | |t Воспоминания о Марксе |f П. Лафарг | ||
| 464 | |t Из воспоминаний о Марксе |f В. Либкнехт | ||
| 464 | |t До и после 1848 года : Из воспоминаний старого коммуниста |f Ф. Лесснер | ||
| 600 | 1 | |a Маркс |g Карл |b К. |c немецкий мыслитель |c общественный деятель |c основоположник марксизма |f 1818-1883 |2 stltpush |3 (RuTPU)RU\TPU\pers\297 | |
| 606 | 1 | |a Маркс К. |x Жизнь и деятельность |2 stltpush |3 (RuTPU)RU\TPU\subj\39700 |9 59660 | |
| 610 | 1 | |a воспоминания | |
| 610 | 1 | |a марксизм | |
| 610 | 1 | |a государственные деятели | |
| 610 | 1 | |a политические деятели | |
| 610 | 1 | |a философы | |
| 610 | 1 | |a Германия | |
| 610 | 1 | |a 19 век | |
| 610 | 1 | |a история | |
| 686 | |a Ю3(0)6-602.33 |2 rubbk | ||
| 686 | |a Ю2(0)6-602.33 |2 rubbk | ||
| 801 | 0 | |a RU |b RuMRKP |c 19950704 |g psbo | |
| 801 | 1 | |a RU |b 63413507 |c 20151203 | |
| 801 | 2 | |a RU |b 63413507 |c 20191017 |g RCR | |
| 942 | |c BK | ||